Rich Dad Poor Dad (Record no. 11222)

MARC details
000 -LEADER
fixed length control field 00349nam a22001457a 4500
003 - CONTROL NUMBER IDENTIFIER
control field OSt
008 - FIXED-LENGTH DATA ELEMENTS--GENERAL INFORMATION
fixed length control field 220521b ||||| |||| 00| 0 eng d
020 ## - INTERNATIONAL STANDARD BOOK NUMBER
International Standard Book Number 978-1-61268-019-4
082 ## - DEWEY DECIMAL CLASSIFICATION NUMBER
Classification number 332.024 KIR
100 ## - MAIN ENTRY--PERSONAL NAME
Personal name KIYOSAKI,Robert T
245 ## - TITLE STATEMENT
Title Rich Dad Poor Dad
260 ## - PUBLICATION, DISTRIBUTION, ETC. (IMPRINT)
Place of publication, distribution, etc Scottsdale
Name of publisher, distributor, etc Plata Publishing
Date of publication, distribution, etc 2017
300 ## - PHYSICAL DESCRIPTION
Extent 352
942 ## - ADDED ENTRY ELEMENTS (KOHA)
Source of classification or shelving scheme Dewey Decimal Classification
Koha item type Text Books

No items available.

Design & Developed by: PIET Central Library
R70 Miles Stone Pattikalyana Samalkha Panipat 132102
mail ID :- [email protected], Phone No:- 0180-2569700 Ex.216